000 00547nam a22002297a 4500
003 UA-OsUOA
001 20702
007 ta
008 20031103b un ||||| |||| 00| 0 ukr d
100 _aНазаров А.Ф.
090 _a78:929 (470+57)
_bН19
942 _cBK
040 _aUA-OsUOA
_brus
_cUA-OsUOA
_dUA-OsUOA
245 _aЦезарь Антонович Кюи
955 _a0
041 _arus
080 _a78:929 (470+57)
260 _aМосква
_b"Музыка"
_c1989
044 _aRU
650 7 _2UDC
999 _c306883
_d306883